000 00665nam a2200181Ia 4500
008 100920s9999 xx 000 0 und d
082 _b65436
_a28 व 891 थ 88
100 _aपरचुरे द. दि.
245 _aगोष्टींचा खजिना.
260 _bइंद्रायणी साहित्य प्रकाशन पुणे 30.
_c1988
300 _a96
_bसाधी
365 _b8
520 _aबा.वि.लघुकथा.
630 _aगोष्टींचा खजिना.
650 _aबा.वि.लघुकथा.
730 _aगोष्टींचा खजिना.
942 _cBOOK
999 _c708202
_d708199